000 00579nam a2200193Ia 4500
005 20250508162437.0
008 008 250505s9999 xx 000 0 eng d
037 _aTextual
040 _aFEDL
_beng
_cFEDL
041 _aeng
_2eng
084 _a181.4, SHA
_qFEDL
100 _aSharma Nilima
245 0 _aTwentieth century Indian philosophy : Nature and detiny of man
260 _aVaranasi, India
_bBharatiya Vidya Prakashan
_c1972
300 _axii,292p.
650 _aOriental Philosophy
_9755543
942 _cTEXL
_h181.4, SHA
999 _c1376575
_d1376575